| 000 | 01242cam a2200385 4500 | ||
|---|---|---|---|
| 999 |
_c80224 _d80224 |
||
| 001 | 275841537 | ||
| 003 | DE-627 | ||
| 005 | 20201201072958.0 | ||
| 007 | tu | ||
| 008 | 910702s1990 xx ||||| 00| ||ger c | ||
| 015 |
_a91,A08,1165 _2dnb |
||
| 016 | 7 |
_a910188041 _2DE-101 |
|
| 020 | _a3920244133 | ||
| 035 | _a(DE-627)275841537 | ||
| 035 | _a(DE-576)024682926 | ||
| 035 | _a(DE-599)GBV275841537 | ||
| 035 | _a(OCoLC)246895356 | ||
| 035 | _a(OCoLC)246895356 | ||
| 040 |
_aDE-627 _bger _cDE-627 _erakwb _dStAFF |
||
| 041 |
_ager _aeng |
||
| 084 |
_a61 _2sdnb |
||
| 245 | 1 | 0 |
_aNienburg _cfotogr. von Klaus Wagener. Mit einem Essay von Frank Thomas Gatter. [Übers. ins Engl.: Suzanne Farr] |
| 264 | 1 |
_aNienburg/Weser _bLeseberg _c1990 |
|
| 300 |
_a93 S. _büberwiegend Ill. |
||
| 336 |
_aText _btxt _2rdacontent |
||
| 337 |
_aohne Hilfsmittel zu benutzen _bn _2rdamedia |
||
| 338 |
_aBand _bnc _2rdacarrier |
||
| 500 | _aText dt. u. engl | ||
| 655 | 7 |
_aBildband _0(DE-588)4145395-5 _0(DE-627)104450835 _0(DE-576)209741139 _2gnd-content |
|
| 951 | _aBO | ||
| 700 | 1 |
_aWagener, Klaus _4oth |
|
| 700 | 1 |
_aGatter, Frank Thomas _d1946- _0(DE-588)121038513 _0(DE-627)081046499 _0(DE-576)29250974X _4oth |
|
| 942 |
_2z _cB |
||